LEADER 00445nab a2200145 i 4500 001 000000311659 003 CaOOAMICUS 005 20180831173037.0 008 180831n xx uu u0 0und r 013 $a20747 040 $aSeMil$bita 100 1 $aGaffuri, Cesare.$0(OLS)http://semarc/name/61502 245 10$aFra le gemme e i diamanti. 773 0 $t[Gennaio-Giugno].$g124-125$w()274182 996 $6245$aFra le gemme e i diamanti$9(OLS)http://semarc/title/386229 LEADER 01068nam a2200241 i 4500 001 000000019741 003 CaOOAMICUS 005 20260304145658.0 008 180830s1958 it u000 u ita u 040 $aSeMil$bita 100 1 $aDostoevskij, Fëdor Michajlovi?,$d<1821-1881>.$0(OLS)http://semarc/name/1325 240 10$aPrestuplénie i nakazànie.$0(OLS)http://semarc/title/440027 245 10$aDelitto e castigo /$cF. Michajolvic Dostoèvskij ; introduzione e traduzione a cura di Pina Maiani. 264 1$aTorino :$bUnione Tipografico-Editrice Torinese,$c1958. 300 $a2 v. (738 p., [1] p. di ritratto) ;$c19 cm. 490 1 $aI grandi scrittori stranieri 700 1 $aMaiani, Pina.$0(OLS)http://semarc/name/8815 774 0 $tVol. 1.$w()173012 774 0 $tVol. 2.$w()173013 830 2$aI grandi scrittori stranieri.$0(OLS)http://semarc/title/302 996 $6245$aDelitto e castigo$9(OLS)http://semarc/title/25490 996 $6264$aTorino :$bUnione Tipografico-Editrice Torinese$9(OLS)http://semarc/publisher/29628